[Event "Guelph ProAm int"]
[Site "Guelph CAN"]
[Date "2002.08.11"]
[Round "8"]
[White "Miletic, Damir"]
[Black "Masse, Hugues"]
[Result "1/2-1/2"]
[WhiteElo "2229"]
[BlackElo "2155"]
[PlyCount "38"]
[EventDate "2002.08.07"]
[EventType "swiss"]
[EventRounds "9"]
[EventCountry "CAN"]

1. d4 Nf6 2. Nf3 g6 3. Nc3 d5 4. g3 Bg7 5. Bg2 O-O 6. O-O c6 7. Ne5 Nbd7 8. e4
Nxe4 9. Nxe4 dxe4 10. Nxd7 Qxd7 11. c3 f5 12. Bf4 Re8 13. f3 e5 14. dxe5 Qc7
15. fxe4 Bxe5 16. exf5 Bxf5 17. Qb3+ Kg7 18. Rad1 Re7 19. Bg5 Rf7 1/2-1/2

[Event "Guelph ProAm int"]
[Site "Guelph CAN"]
[Date "2002.08.11"]
[Round "8"]
[White "Milicevic, Goran"]
[Black "Pushkedra, Frank"]
[Result "0-1"]
[WhiteElo "2414"]
[BlackElo "2303"]
[PlyCount "86"]
[EventDate "2002.08.07"]
[EventType "swiss"]
[EventRounds "9"]
[EventCountry "CAN"]

1. d4 Nf6 2. Nf3 g6 3. Nc3 d5 4. Bf4 Bg7 5. e3 O-O 6. Be2 c5 7. dxc5 Nc6 8. Nd4
Ne8 9. Nb3 e5 10. Bg3 Be6 11. O-O Nc7 12. Qc1 Qe7 13. a4 a6 14. a5 Rad8 15. Rd1
h5 16. h3 h4 17. Bh2 Bh6 18. Ra4 d4 19. Ne4 dxe3 20. fxe3 Nd5 21. Kh1 Bxe3 22.
Qb1 Nf4 23. Bf1 Nh5 24. Re1 Bh6 25. Be2 Nf4 26. Bf3 f5 27. Nd6 Qd7 28. Bxc6
Qxc6 29. Bxf4 exf4 30. Rxe6 Qxa4 31. Qe1 f3 32. gxf3 Qf4 33. Rxg6+ Kh7 34. Rg2
Rd7 35. Qe6 Rg7 36. Rxg7+ Bxg7 37. Nf7 Qxf3+ 38. Kg1 Qg3+ 39. Kf1 Qxh3+ 40. Ke1
Qg3+ 41. Kd1 Qg6 42. Qxg6+ Kxg6 43. Nd6 h3 0-1

[Event "Guelph ProAm int"]
[Site "Guelph CAN"]
[Date "2002.08.11"]
[Round "8"]
[White "Obrovac, Zvonko"]
[Black "Wight, Keith"]
[Result "1-0"]
[WhiteElo "2014"]
[BlackElo "2147"]
[PlyCount "81"]
[EventDate "2002.08.07"]
[EventType "swiss"]
[EventRounds "9"]
[EventCountry "CAN"]

1. Nf3 c5 2. c4 Nc6 3. g3 g6 4. Bg2 Bg7 5. Nc3 e6 6. O-O Nge7 7. e3 d5 8. cxd5
exd5 9. d4 O-O 10. dxc5 Bg4 11. h3 Bf5 12. Nd4 Qd7 13. Nxf5 Qxf5 14. Nxd5 Rad8
15. e4 Qe6 16. Qb3 Nd4 17. Qc4 Nec6 18. Be3 Ne5 19. Qa4 Nef3+ 20. Bxf3 Nxf3+
21. Kg2 Rxd5 22. Kxf3 Rh5 23. Qxa7 f5 24. Qxb7 fxe4+ 25. Ke2 Qc4+ 26. Ke1 Kh8
27. Qb3 Qa6 28. a4 Rxh3 29. Qb5 Qf6 30. Rd1 Qf3 31. c6 Rh1 32. c7 Rxf1+ 33.
Qxf1 Bxb2 34. Qc4 Qh1+ 35. Kd2 Qh3 36. Kc2 Bf6 37. Bd4 Bg7 38. Bxg7+ Kxg7 39.
Rd8 Rxf2+ 40. Kb3 Qxg3+ 41. Qc3+ 1-0

[Event "Guelph ProAm int"]
[Site "Guelph CAN"]
[Date "2002.08.11"]
[Round "8"]
[White "Peredun, Andrew"]
[Black "Raheb, David"]
[Result "1-0"]
[WhiteElo "2286"]
[BlackElo "2219"]
[PlyCount "49"]
[EventDate "2002.08.07"]
[EventType "swiss"]
[EventRounds "9"]
[EventCountry "CAN"]

1. e4 c5 2. Nf3 d6 3. d4 cxd4 4. Nxd4 Nf6 5. Nc3 a6 6. Be3 e6 7. g4 e5 8. Nf5
g6 9. g5 gxf5 10. exf5 d5 11. gxf6 d4 12. Bc4 h5 13. Qe2 Nc6 14. O-O-O Bh6 15.
Bxf7+ Kf8 16. Bg6 Qxf6 17. Bxh6+ Rxh6 18. Ne4 Qe7 19. Rhg1 Bd7 20. Qd2 Rh8 21.
f6 Qe6 22. Nc5 Qd5 23. Nxd7+ Qxd7 24. Qg5 Nd8 25. Bf5 1-0

[Event "Guelph ProAm int"]
[Site "Guelph CAN"]
[Date "2002.08.11"]
[Round "8"]
[White "Predescu, Sebastian"]
[Black "Saint Amand, Paul"]
[Result "1-0"]
[WhiteElo "2113"]
[BlackElo "2149"]
[PlyCount "100"]
[EventDate "2002.08.07"]
[EventType "swiss"]
[EventRounds "9"]
[EventCountry "CAN"]

1. e4 c5 2. Nf3 d6 3. d4 cxd4 4. Nxd4 Nf6 5. Nc3 a6 6. Bc4 e6 7. Bb3 b5 8. f4
b4 9. Na4 Be7 10. O-O O-O 11. c3 Nxe4 12. f5 d5 13. cxb4 Bxb4 14. Qg4 Be7 15.
fxe6 fxe6 16. Nxe6 Rxf1+ 17. Kxf1 Bxe6 18. Qxe6+ Kh8 19. Bxd5 Qf8+ 20. Qf7
Qxf7+ 21. Bxf7 Nd7 22. Bd5 Rf8+ 23. Ke2 Nd6 24. Be3 Nf6 25. Bf3 Re8 26. Kf2
Nfe4+ 27. Kg1 Bf6 28. Rd1 h6 29. b3 Nf5 30. Bb6 Nc3 31. Nxc3 Bxc3 32. Rd8 Rxd8
33. Bxd8 Kg8 34. Kf2 Kf8 35. Bb7 Ke8 36. Bb6 a5 37. Ke2 Kd7 38. Kd3 Be1 39. Bf3
Nd6 40. Bd4 g6 41. a3 Kc7 42. g3 a4 43. bxa4 Ba5 44. Be5 Kd7 45. Bg7 h5 46. Be4
Nf5 47. Bc3 Bc7 48. Bb4 h4 49. Bxf5+ gxf5 50. gxh4 Bxh2 1-0

[Event "Guelph ProAm int"]
[Site "Guelph CAN"]
[Date "2002.08.11"]
[Round "8"]
[White "Rivas, Edgar"]
[Black "Percival, Stan"]
[Result "1-0"]
[WhiteElo "1802"]
[BlackElo "1919"]
[PlyCount "87"]
[EventDate "2002.08.07"]
[EventType "swiss"]
[EventRounds "9"]
[EventCountry "CAN"]

1. e4 c6 2. d4 d5 3. exd5 cxd5 4. c4 Nf6 5. Nc3 Nc6 6. a3 Bf5 7. c5 e6 8. Bb5
Be7 9. Nf3 O-O 10. O-O Bg4 11. Bxc6 bxc6 12. Bf4 Qc8 13. h3 Bh5 14. Qd3 Bg6 15.
Qe3 Qb7 16. Ne5 Bf5 17. g4 Bg6 18. Nxg6 hxg6 19. f3 Kh7 20. Qe2 Rh8 21. b4 Kg8
22. Kg2 a6 23. Na4 Nd7 24. Rab1 Bf6 25. Rfd1 Qb5 26. Nc3 Qxe2+ 27. Nxe2 Kf8 28.
a4 Ke7 29. Bd6+ Kd8 30. Rd2 Be7 31. Bg3 Kc8 32. b5 axb5 33. axb5 cxb5 34. Rxb5
Bd8 35. Rdb2 Bc7 36. c6 Nb8 37. Bxc7 Kxc7 38. Rb7+ Kc8 39. Rxf7 Nxc6 40. Rc2
Ra6 41. Nf4 Kb8 42. Nxe6 Rg8 43. Rb2+ Kc8 44. Rc7# 1-0

[Event "Guelph ProAm int"]
[Site "Guelph CAN"]
[Date "2002.08.11"]
[Round "8"]
[White "Rolfe, Warrick"]
[Black "Day, Lawrence"]
[Result "1-0"]
[WhiteElo "2221"]
[BlackElo "2433"]
[PlyCount "109"]
[EventDate "2002.08.07"]
[EventType "swiss"]
[EventRounds "9"]
[EventCountry "CAN"]

1. e4 d5 2. exd5 Qxd5 3. Nf3 Nf6 4. d4 c6 5. Be2 Bf5 6. O-O e6 7. c4 Qd8 8. Nc3
h6 9. Qb3 Qb6 10. Qxb6 axb6 11. a3 Bd6 12. h3 Nbd7 13. Be3 Ne4 14. Nxe4 Bxe4
15. Nd2 Bh7 16. Bf3 Bc7 17. Rfe1 O-O-O 18. Rac1 Rhe8 19. Nb3 e5 20. d5 c5 21.
g4 Bd3 22. Be2 Bxe2 23. Rxe2 e4 24. Nd2 Re7 25. b4 Rde8 26. Nb3 Bd6 27. bxc5
bxc5 28. Rb1 b6 29. a4 Ne5 30. Nd2 Nd7 31. Rb5 Kc7 32. Nb3 Rb8 33. Rb2 Ne5 34.
Nd2 Nd3 35. R2b3 Nc1 36. Ra3 Ne2+ 37. Kf1 Nd4 38. Rb1 Ra8 39. Nb3 Kd8 40. Ra2
Be5 41. Bxd4 cxd4 42. a5 bxa5 43. Rxa5 Rb8 44. Nd2 e3 45. Rxb8+ Bxb8 46. Nf3 d3
47. fxe3 Rxe3 48. Nd4 Bc7 49. Ra8+ Kd7 50. c5 Rxh3 51. Nf5 Bf4 52. Ra7+ Kc8 53.
Ne7+ Kd8 54. Nc6+ Ke8 55. d6 1-0

[Event "Guelph ProAm int"]
[Site "Guelph CAN"]
[Date "2002.08.11"]
[Round "8"]
[White "Rubanovski, Vladimir"]
[Black "Patterson, Roger"]
[Result "1-0"]
[WhiteElo "2020"]
[BlackElo "2225"]
[PlyCount "42"]
[EventDate "2002.08.07"]
[EventType "swiss"]
[EventRounds "9"]
[EventCountry "CAN"]

1. d4 Nf6 2. Nf3 e6 3. Bg5 d5 4. e3 c5 5. Nbd2 cxd4 6. exd4 Be7 7. Bd3 O-O 8.
c3 Nc6 9. Ne5 Qc7 10. f4 Rb8 11. Qf3 Ne8 12. Qh5 f5 13. Bxe7 Qxe7 14. Ndf3 Nd6
15. Ng6 Qf6 16. Nxf8 Qxf8 17. Ne5 Ne4 18. Bxe4 dxe4 19. O-O Ne7 20. c4 b5 21.
b3 Qd8 1-0

[Event "Guelph ProAm int"]
[Site "Guelph CAN"]
[Date "2002.08.11"]
[Round "8"]
[White "Schleifer, Michael"]
[Black "Legky, Nikolay"]
[Result "0-1"]
[WhiteElo "2398"]
[BlackElo "2488"]
[PlyCount "60"]
[EventDate "2002.08.07"]
[EventType "swiss"]
[EventRounds "9"]
[EventCountry "CAN"]

1. e4 e6 2. d3 d5 3. Nd2 c5 4. g3 Nc6 5. Bg2 b6 6. Ne2 Nf6 7. O-O Be7 8. exd5
exd5 9. Nf4 Bg4 10. Nf3 Nd4 11. h3 Bxf3 12. Bxf3 Nxf3+ 13. Qxf3 O-O 14. Bd2 Qd7
15. Rfe1 Rae8 16. g4 h6 17. Ne2 Nh7 18. Ng3 Bg5 19. Be3 Re6 20. c4 dxc4 21.
dxc4 Bxe3 22. fxe3 Ng5 23. Qg2 Qd3 24. Rad1 Qxc4 25. b3 Qc3 26. Rc1 Qe5 27. h4
Ne4 28. Nxe4 Qxe4 29. Rcd1 Rfe8 30. Rd7 Rg6 0-1

[Event "Guelph ProAm int"]
[Site "Guelph CAN"]
[Date "2002.08.11"]
[Round "8"]
[White "Southam, David"]
[Black "Jung, Hans"]
[Result "1/2-1/2"]
[WhiteElo "2200"]
[BlackElo "2270"]
[PlyCount "83"]
[EventDate "2002.08.07"]
[EventType "swiss"]
[EventRounds "9"]
[EventCountry "CAN"]

1. d4 Nf6 2. c4 c6 3. Nc3 d5 4. e3 a6 5. f4 c5 6. cxd5 Nxd5 7. e4 Nxc3 8. bxc3
cxd4 9. cxd4 e5 10. Nf3 Bb4+ 11. Bd2 Bxd2+ 12. Qxd2 exd4 13. Qxd4 Qa5+ 14. Kf2
O-O 15. Bc4 Nc6 16. Qe3 Bg4 17. Rhd1 Bxf3 18. Kxf3 Rad8 19. Kf2 Nb4 20. Bb3
Rxd1 21. Rxd1 Qh5 22. Qd2 Qc5+ 23. Kg3 a5 24. h3 b5 25. Rc1 Qe7 26. a3 Na6 27.
Qxa5 Qxe4 28. Re1 Qd3+ 29. Kh2 Nc5 30. Bd1 Qc4 31. Qb4 Nd3 32. Qxc4 bxc4 33.
Re4 Nf2 34. Rd4 Nxd1 35. Rxd1 Rc8 36. a4 Kf8 37. a5 Ke7 38. a6 Ke6 39. a7 Ra8
40. Rd4 c3 41. Rc4 Rxa7 42. Rxc3 1/2-1/2

[Event "Guelph ProAm int"]
[Site "Guelph CAN"]
[Date "2002.08.11"]
[Round "8"]
[White "Urquhart, Eddie"]
[Black "Hamilton, Robert"]
[Result "0-1"]
[WhiteElo "2288"]
[BlackElo "2370"]
[PlyCount "90"]
[EventDate "2002.08.07"]
[EventType "swiss"]
[EventRounds "9"]
[EventCountry "CAN"]

1. e4 d6 2. Nc3 g6 3. g3 Bg7 4. Bg2 e5 5. d3 Ne7 6. Nge2 O-O 7. O-O f5 8. Be3
h6 9. f4 Kh7 10. Qd2 Nbc6 11. Nd1 Be6 12. c3 d5 13. exd5 Bxd5 14. Bxd5 Qxd5 15.
Nf2 Rad8 16. Rfd1 Rd7 17. Kf1 Re8 18. Ng1 exf4 19. gxf4 Qd6 20. Nfh3 Nd5 21.
Bf2 Nf6 22. Nf3 Ng4 23. d4 Qd5 24. Nhg1 Nf6 25. Qc2 Re4 26. Nh3 Nh5 27. c4 Qd6
28. Nhg5+ hxg5 29. Nxg5+ Kh6 30. Nxe4 fxe4 31. d5 Nb4 32. Qxe4 Re7 33. Qf3 Rf7
34. Kg1 Nxf4 35. Kh1 Rf5 36. Bg3 Be5 37. Qb3 Rh5 38. Rd2 Nfd3 39. c5 Nxc5 40.
Qe3+ Kh7 41. Rf1 Nxd5 42. Rf7+ Kg8 43. Qf3 Bxg3 44. Rxd5 Qxd5 45. Rf8+ Kg7 0-1

[Event "Guelph ProAm int"]
[Site "Guelph CAN"]
[Date "2002.08.11"]
[Round "9"]
[White "Brice, Ron"]
[Black "Buscar, Michael"]
[Result "0-1"]
[WhiteElo "2070"]
[BlackElo "2041"]
[PlyCount "80"]
[EventDate "2002.08.07"]
[EventType "swiss"]
[EventRounds "9"]
[EventCountry "CAN"]

1. c4 e6 2. Nf3 d5 3. b3 c5 4. Bb2 Nc6 5. g3 Nf6 6. Bg2 Be7 7. O-O O-O 8. e3 b6
9. Nc3 Ba6 10. d3 Rc8 11. Re1 d4 12. exd4 cxd4 13. Nb1 b5 14. Na3 Qb6 15. cxb5
Bxb5 16. Nxb5 Qxb5 17. Nxd4 Nxd4 18. Bxd4 a5 19. a4 Qb4 20. Bb2 Qb8 21. d4 Rfd8
22. Bf1 Nd5 23. Bc4 Bb4 24. Qg4 Bxe1 25. Rxe1 Qb4 26. Rc1 Rxc4 27. Rxc4 Qe1+
28. Kg2 Qd2 29. Bc1 Ne3+ 30. Kh3 Qxf2 31. Bxe3 Qxe3 32. b4 Qd3 33. d5 exd5 34.
Rd4 Qf1+ 35. Kh4 Qf6+ 36. Kh3 axb4 37. Rxb4 d4 38. a5 d3 39. Rb6 Qf1+ 40. Kh4
d2 0-1

[Event "Guelph ProAm int"]
[Site "Guelph CAN"]
[Date "2002.08.11"]
[Round "9"]
[White "Degraeve, Jean Marc"]
[Black "Peredun, Andrew"]
[Result "1/2-1/2"]
[WhiteElo "2635"]
[BlackElo "2286"]
[PlyCount "70"]
[EventDate "2002.08.07"]
[EventType "swiss"]
[EventRounds "9"]
[EventCountry "CAN"]

1. e4 c5 2. Nf3 d6 3. Bb5+ Nd7 4. d4 cxd4 5. Qxd4 Ngf6 6. Nc3 e6 7. Bg5 Be7 8.
O-O-O O-O 9. Bxd7 Bxd7 10. e5 dxe5 11. Nxe5 Bc6 12. Nxc6 bxc6 13. Qxd8 Rfxd8
14. f3 h6 15. Bd2 Nd5 16. Ne4 Nb6 17. b3 Nc4 18. c3 Nxd2 19. Rxd2 f5 20. Rxd8+
Rxd8 21. Nd2 Bg5 22. Rd1 Rd3 23. Kc2 Re3 24. g3 Re2 25. f4 Bf6 26. Rh1 g5 27.
Kd3 Rf2 28. fxg5 hxg5 29. a4 g4 30. b4 a6 31. c4 Bg5 32. Nb3 Rf3+ 33. Kc2 Rf2+
34. Kd3 Rf3+ 35. Kc2 Rf2+ 1/2-1/2

[Event "Guelph ProAm int"]
[Site "Guelph CAN"]
[Date "2002.08.11"]
[Round "9"]
[White "Egorov, Mikhail"]
[Black "Wight, Keith"]
[Result "1/2-1/2"]
[WhiteElo "2092"]
[BlackElo "2147"]
[PlyCount "64"]
[EventDate "2002.08.07"]
[EventType "swiss"]
[EventRounds "9"]
[EventCountry "CAN"]

1. Nf3 c5 2. g3 Nc6 3. d4 cxd4 4. Nxd4 Qb6 5. Nb3 Nf6 6. Bg2 e6 7. O-O Be7 8.
e4 O-O 9. Nc3 a6 10. h3 Rd8 11. Be3 Qc7 12. Na4 Re8 13. Nb6 Rb8 14. a4 Ne5 15.
Qe2 d6 16. f4 Ned7 17. a5 Nc5 18. Nxc5 dxc5 19. Rfd1 Nd7 20. Nxc8 Rbxc8 21. e5
Nb8 22. Bd2 Red8 23. Bc3 Rxd1+ 24. Rxd1 Nc6 25. Bxc6 Qxc6 26. Qg2 Qb5 27. Qe4
h6 28. Kg2 h5 29. Qd3 Rd8 30. Qxb5 axb5 31. Rxd8+ Bxd8 32. b4 Be7 1/2-1/2

[Event "Guelph ProAm int"]
[Site "Guelph CAN"]
[Date "2002.08.11"]
[Round "9"]
[White "Garcia, Alvaro"]
[Black "Milicevic, Goran"]
[Result "1/2-1/2"]
[WhiteElo "2266"]
[BlackElo "2414"]
[PlyCount "112"]
[EventDate "2002.08.07"]
[EventType "swiss"]
[EventRounds "9"]
[EventCountry "CAN"]

1. d4 Nf6 2. c4 e6 3. Nf3 Nc6 4. Nc3 Bb4 5. Bg5 h6 6. Bh4 g5 7. Bg3 Ne4 8. Qd3
f5 9. e3 d6 10. Nd2 Nxg3 11. hxg3 Qf6 12. Be2 Bd7 13. Bh5+ Ke7 14. O-O-O Be8
15. Nf3 Bxc3 16. Qxc3 a5 17. a3 Bd7 18. g4 a4 19. Nd2 b5 20. gxf5 exf5 21. Bf3
Rab8 22. Bxc6 Bxc6 23. cxb5 Bxb5 24. e4 Kd7 25. e5 Qe6 26. g4 d5 27. gxf5 Qxf5
28. Rh3 g4 29. Rg3 Rb6 30. Qa5 Re8 31. Rc3 Ree6 32. Rg1 h5 33. f3 Qf4 34. Rh1
g3 35. Rxh5 Rh6 36. Qa7 Rbc6 37. e6+ Rhxe6 38. Rxd5+ Ke7 39. Qa8 Qf8 40. Qxf8+
Kxf8 41. Rxb5 Rxc3+ 42. bxc3 Rg6 43. Kc2 g2 44. Rb1 g1=Q 45. Rxg1 Rxg1 46. Ne4
Rg2+ 47. Kd3 Ra2 48. Nc5 Rxa3 49. Ne6+ Ke7 50. Nxc7 Ra2 51. Nd5+ Kd8 52. Nb4
Rb2 53. Nc2 Rb3 54. Kc4 Rb2 55. Kd3 Rb3 56. Kc4 Rb2 1/2-1/2

[Event "Guelph ProAm int"]
[Site "Guelph CAN"]
[Date "2002.08.11"]
[Round "9"]
[White "Jung, Hans"]
[Black "Raheb, David"]
[Result "0-1"]
[WhiteElo "2270"]
[BlackElo "2219"]
[PlyCount "46"]
[EventDate "2002.08.07"]
[EventType "swiss"]
[EventRounds "9"]
[EventCountry "CAN"]

1. e4 c5 2. Nf3 d6 3. h3 g6 4. c3 Nf6 5. e5 dxe5 6. Nxe5 Bg7 7. Bb5+ Nbd7 8. d4
cxd4 9. Qxd4 O-O 10. Nxd7 Bxd7 11. Bxd7 Nxd7 12. Qh4 Qb6 13. O-O Ne5 14. Qxe7
Rfe8 15. Qa3 Nd3 16. Qb3 Qc5 17. Qc2 Rad8 18. Be3 Rxe3 19. fxe3 Qxe3+ 20. Kh1
Be5 21. g3 Bxg3 22. Na3 Bf2 23. Rxf2 Nxf2+ 0-1

[Event "Guelph ProAm int"]
[Site "Guelph CAN"]
[Date "2002.08.11"]
[Round "9"]
[White "Kret, Ted"]
[Black "Divljan, Igor"]
[Result "0-1"]
[WhiteElo "2149"]
[BlackElo "2271"]
[PlyCount "86"]
[EventDate "2002.08.07"]
[EventType "swiss"]
[EventRounds "9"]
[EventCountry "CAN"]

1. d4 Nf6 2. c4 e6 3. Nc3 Bb4 4. e3 O-O 5. Bd3 d5 6. Nf3 c5 7. O-O dxc4 8. Bxc4
Nbd7 9. a3 cxd4 10. exd4 Bxc3 11. bxc3 Qc7 12. Qd3 b6 13. Re1 Bb7 14. Bb3 Rac8
15. Bd2 Rfd8 16. Qe2 Ne4 17. Bg5 Nxg5 18. Nxg5 Nf8 19. Qh5 h6 20. Re3 hxg5 21.
Rh3 f6 22. Re1 Bd5 23. Bc2 Qf4 24. Ree3 g4 25. Bh7+ Nxh7 26. Qxh7+ Kf7 27. Qh5+
Ke7 28. Rh4 Qg5 29. Qxg5 fxg5 30. Rxg4 Kf6 31. Reg3 g6 32. f4 gxf4 33. Rxf4+
Ke7 34. Rxg6 Rg8 35. Rfg4 Rxg6 36. Rxg6 Rxc3 37. h4 Rxa3 38. g4 Kf7 39. h5 Be4
40. Rg5 Ra5 41. Rxa5 bxa5 42. Kf2 a4 43. Ke3 a3 0-1

[Event "Guelph ProAm int"]
[Site "Guelph CAN"]
[Date "2002.08.11"]
[Round "9"]
[White "Krnan, Tomas"]
[Black "Cummings, David"]
[Result "1/2-1/2"]
[WhiteElo "2165"]
[BlackElo "2474"]
[PlyCount "140"]
[EventDate "2002.08.07"]
[EventType "swiss"]
[EventRounds "9"]
[EventCountry "CAN"]

1. e4 c5 2. d4 cxd4 3. c3 dxc3 4. Nxc3 Nc6 5. Nf3 e6 6. Bc4 a6 7. O-O Nge7 8.
Qe2 Ng6 9. Rd1 Be7 10. Be3 b5 11. Bb3 O-O 12. a3 Bb7 13. Rd2 d6 14. Rad1 Qc7
15. Ng5 Na5 16. Ba2 Nc4 17. Bxc4 bxc4 18. Qh5 Bxg5 19. Qxg5 Rad8 20. f4 f6 21.
Qg3 f5 22. Qf2 Qe7 23. Bb6 Rd7 24. e5 d5 25. Bc5 Qd8 26. Bxf8 Nxf8 27. Ne2 g5
28. g3 Rg7 29. fxg5 Rxg5 30. Nf4 Qe7 31. Qe3 Rg4 32. Rd4 Nd7 33. h3 Rg7 34. Nh5
Qg5 35. Qe2 Rg6 36. h4 Qe7 37. Kh2 Bc6 38. Re1 Rh6 39. Nf4 Nc5 40. Qe3 Qg7 41.
Rxc4 dxc4 42. Qxc5 Qd7 43. Qd6 Qxd6 44. exd6 e5 45. Rxe5 Rxd6 46. Re2 Rd1 47.
Ng2 Kf7 48. Ne1 Kf6 49. Kg1 Bf3 50. Re3 Bg4 51. Kf1 Rb1 52. Rc3 Rxb2 53. Nc2
Bd1 54. Ne3 Be2+ 55. Ke1 Ra2 56. Nc2 Bd3 57. Nb4 Re2+ 58. Kd1 a5 59. Nxd3 cxd3
60. Rxd3 Ra2 61. Rb3 a4 62. Rc3 Ke5 63. Rf3 Rb2 64. Kc1 Re2 65. Kd1 Re4 66. Kd2
f4 67. h5 fxg3 68. Rxg3 Kf6 69. Rg8 Rh4 70. Ra8 Kg5 1/2-1/2

[Event "Guelph ProAm int"]
[Site "Guelph CAN"]
[Date "2002.08.11"]
[Round "9"]
[White "Legky, Nikolay"]
[Black "Hamilton, Robert"]
[Result "1-0"]
[WhiteElo "2488"]
[BlackElo "2370"]
[PlyCount "73"]
[EventDate "2002.08.07"]
[EventType "swiss"]
[EventRounds "9"]
[EventCountry "CAN"]

1. d4 c5 2. d5 e5 3. e4 d6 4. Nc3 Be7 5. Nf3 Bg4 6. h3 Bxf3 7. Qxf3 Bg5 8. Bxg5
Qxg5 9. Nb5 Qd8 10. Qg4 g6 11. Nxd6+ Qxd6 12. Qc8+ Ke7 13. Qxb7+ Kf6 14. Qxa8
Qb6 15. O-O-O Kg7 16. Rd3 c4 17. Ra3 c3 18. Rxc3 Ne7 19. Rb3 Qxf2 20. Bd3 Nd7
21. Qb7 Qxg2 22. Rd1 Qg5+ 23. Kb1 Nc5 24. Qxa7 Nxb3 25. axb3 Ng8 26. Rf1 Nh6
27. b4 Qd8 28. b5 Qd6 29. Qa6 Qe7 30. d6 Qf6 31. d7 Qe7 32. b6 Qxd7 33. b7 Rb8
34. Qf6+ Kf8 35. Ba6 Qd4 36. Qc6 Kg7 37. Qc7 1-0

[Event "Guelph ProAm int"]
[Site "Guelph CAN"]
[Date "2002.08.11"]
[Round "9"]
[White "Mazock, Michael"]
[Black "Masse, Hugues"]
[Result "0-1"]
[WhiteElo "2193"]
[BlackElo "2155"]
[PlyCount "70"]
[EventDate "2002.08.07"]
[EventType "swiss"]
[EventRounds "9"]
[EventCountry "CAN"]

1. d4 Nf6 2. c4 g6 3. f3 d5 4. cxd5 Nxd5 5. e4 Nb6 6. Nc3 Bg7 7. Be3 O-O 8. Qd2
Nc6 9. O-O-O e5 10. d5 Nd4 11. f4 Bg4 12. Re1 c5 13. fxe5 Bxe5 14. h3 Bd7 15.
Nf3 Nxf3 16. gxf3 Rc8 17. Kb1 Na4 18. Nxa4 Bxa4 19. Rc1 b6 20. h4 Bd7 21. h5
Bg7 22. Ba6 Ra8 23. Rcg1 Qf6 24. Be2 Rfe8 25. Bg5 Qd4 26. Qc1 Rac8 27. Bd2 Rxe4
28. Bc3 Rxe2 29. Bxd4 Bf5+ 30. Ka1 cxd4 31. Qxc8+ Bxc8 32. hxg6 hxg6 33. Kb1 d3
34. b3 Bf5 35. Kc1 Bc3 0-1

[Event "Guelph ProAm int"]
[Site "Guelph CAN"]
[Date "2002.08.11"]
[Round "9"]
[White "Patterson, Roger"]
[Black "Southam, David"]
[Result "1/2-1/2"]
[WhiteElo "2225"]
[BlackElo "2200"]
[PlyCount "22"]
[EventDate "2002.08.07"]
[EventType "swiss"]
[EventRounds "9"]
[EventCountry "CAN"]

1. e4 c6 2. d4 d5 3. Nd2 dxe4 4. Nxe4 Nf6 5. Nxf6+ gxf6 6. Nf3 Bf5 7. Bd3 Nd7
8. Be3 e6 9. O-O Bg6 10. c4 Nb6 11. Qe2 Bg7 1/2-1/2

[Event "Guelph ProAm int"]
[Site "Guelph CAN"]
[Date "2002.08.11"]
[Round "9"]
[White "Pushkedra, Frank"]
[Black "Hacatoglu, Kevork"]
[Result "1-0"]
[WhiteElo "2303"]
[BlackElo "2245"]
[PlyCount "79"]
[EventDate "2002.08.07"]
[EventType "swiss"]
[EventRounds "9"]
[EventCountry "CAN"]

1. e4 e6 2. d4 d5 3. Nc3 Bb4 4. e5 c5 5. a3 Bxc3+ 6. bxc3 Ne7 7. a4 Qa5 8. Qd2
Nbc6 9. Nf3 Bd7 10. Bd3 c4 11. Be2 f6 12. Ba3 fxe5 13. Nxe5 Nxe5 14. dxe5 Nc6
15. O-O O-O-O 16. Bd6 Rde8 17. Rfb1 Ne7 18. Bg4 Nf5 19. Bxf5 exf5 20. Qd4 Bc6
21. h4 Re6 22. Rb5 Bxb5 23. Qc5+ Kd8 24. Rb1 Qb6 25. Qxb6+ axb6 26. Rxb5 Kd7
27. Rxb6 Ra8 28. Rxb7+ Kc6 29. Rc7+ Kb6 30. Rxg7 Rxa4 31. Rxh7 Ra1+ 32. Kh2 Rc1
33. Rf7 Rh6 34. g3 Rxc2 35. Rf6 Rh5 36. e6 Rxf2+ 37. Kh3 Kc6 38. e7 Re2 39.
Bb4+ Kd7 40. Rd6+ 1-0

[Event "Guelph ProAm int"]
[Site "Guelph CAN"]
[Date "2002.08.11"]
[Round "9"]
[White "Schleifer, Michael"]
[Black "Findlay, Ian"]
[Result "1-0"]
[WhiteElo "2398"]
[BlackElo "2385"]
[PlyCount "59"]
[EventDate "2002.08.07"]
[EventType "swiss"]
[EventRounds "9"]
[EventCountry "CAN"]

1. d4 Nf6 2. Nf3 c5 3. c4 cxd4 4. Nxd4 e5 5. Nb5 d5 6. cxd5 Bc5 7. N5c3 O-O 8.
e3 e4 9. Be2 Qe7 10. a3 a5 11. Nd2 Rd8 12. Qb3 Na6 13. O-O Nc7 14. Rd1 Qe5 15.
Nc4 Qg5 16. d6 Nce8 17. Qb5 h6 18. Na4 Bh3 19. Bf1 Bg4 20. Re1 Bxd6 21. Qxg5
hxg5 22. Nab6 Ra7 23. Bd2 a4 24. Nxd6 Rxd6 25. Nc4 Rd8 26. Bc3 Nc7 27. Bd4 Raa8
28. Bb6 Nfd5 29. Rac1 Rac8 30. Ba5 1-0

[Event "Guelph ProAm int"]
[Site "Guelph CAN"]
[Date "2002.08.11"]
[Round "9"]
[White "Schmidt, Tom"]
[Black "Predescu, Sebastian"]
[Result "1/2-1/2"]
[WhiteElo "2218"]
[BlackElo "2113"]
[PlyCount "47"]
[EventDate "2002.08.07"]
[EventType "swiss"]
[EventRounds "9"]
[EventCountry "CAN"]

1. e4 c5 2. Nf3 d6 3. d4 cxd4 4. Nxd4 Nf6 5. Nc3 a6 6. Be2 e5 7. Nb3 Be7 8. O-O
O-O 9. a4 b6 10. Be3 Nbd7 11. Bc4 Bb7 12. f3 Qc7 13. Qe2 Rfc8 14. Nd2 h6 15.
Rfc1 Nc5 16. Qf2 Qd8 17. Kh1 Nh5 18. Bd5 Rab8 19. Bxb7 Rxb7 20. Nd5 Bg5 21. b4
Bxe3 22. Qxe3 Nd7 23. c4 a5 24. b5 1/2-1/2

[Event "Guelph ProAm int"]
[Site "Guelph CAN"]
[Date "2002.08.11"]
[Round "9"]
[White "Urquhart, Eddie"]
[Black "Rubanovski, Vladimir"]
[Result "1/2-1/2"]
[WhiteElo "2288"]
[BlackElo "2020"]
[PlyCount "40"]
[EventDate "2002.08.07"]
[EventType "swiss"]
[EventRounds "9"]
[EventCountry "CAN"]

1. e4 d6 2. Nc3 g6 3. f4 Bg7 4. Nf3 c5 5. Bc4 e6 6. O-O Ne7 7. d3 O-O 8. Qe1 d5
9. Bb3 Nbc6 10. f5 exf5 11. exd5 Nd4 12. Bg5 Re8 13. Nxd4 Bxd4+ 14. Kh1 f6 15.
Bd2 Kg7 16. Qh4 Ng8 17. Rae1 Bd7 18. a4 a6 19. Qg3 Be5 20. Qf3 Bd6 1/2-1/2

[Event "Guelph ProAm int"]
[Site "Guelph CAN"]
[Date "2002.08.11"]
[Round "9"]
[White "Zubac, Marius"]
[Black "Ochkoos, Jura"]
[Result "0-1"]
[WhiteElo "2242"]
[BlackElo "2341"]
[PlyCount "54"]
[EventDate "2002.08.07"]
[EventType "swiss"]
[EventRounds "9"]
[EventCountry "CAN"]

1. d4 d5 2. c4 e6 3. Nc3 c5 4. cxd5 exd5 5. Nf3 Nc6 6. g3 Nf6 7. Bg2 Be7 8. O-O
O-O 9. dxc5 d4 10. Na4 Bf5 11. Nd2 Qd7 12. a3 Bh3 13. b4 Rad8 14. Bb2 Rfe8 15.
Nf3 a6 16. Nb6 Qg4 17. Re1 Ne4 18. Qd3 Bf6 19. Bh1 Qh5 20. Nd2 Nxf2 21. Qf3 Ng4
22. Nbc4 Qh6 23. Ne4 Rxe4 24. Qxe4 Nxh2 25. Bc1 Qh5 26. Bf3 Bg4 27. Kf2 Nxf3
0-1

[Event "Hull CC-ch"]
[Site "Hull CAN"]
[Date "2002.02.19"]
[Round "1"]
[White "Groleau, Gilles"]
[Black "Bussiere, Denis"]
[Result "1/2-1/2"]
[WhiteElo "2094"]
[BlackElo "1722"]
[PlyCount "66"]
[EventDate "2002.02.19"]
[EventType "tourn"]
[EventRounds "5"]
[EventCountry "CAN"]

1. e4 c6 2. d4 d5 3. exd5 cxd5 4. Bd3 Nc6 5. c3 Nf6 6. Bf4 Bg4 7. Qb3 Qc8 8.
Nd2 e6 9. Ngf3 Be7 10. O-O O-O 11. Ne5 Nxe5 12. Bxe5 Nd7 13. Bg3 Bh5 14. Qc2
Bg6 15. Bxg6 hxg6 16. Nf3 b5 17. Ne5 Nxe5 18. Bxe5 b4 19. Rac1 Qa6 20. cxb4
Qxa2 21. Ra1 Qc4 22. Qxc4 dxc4 23. b5 Bf6 24. Rfc1 Bxe5 25. dxe5 Rfc8 26. f4
Rab8 27. Rxa7 Rxb5 28. Rc2 Rcb8 29. Rxc4 Rxb2 30. Rcc7 Rb1+ 31. Kf2 R1b2+ 32.
Kf1 Rd2 33. Rcb7 Rc8 1/2-1/2